Vista normal
Vista MARC
Entrada Título uniforme
Número de registros utilizados en: 1
001 - NÚMERO DE CONTROL
- campo de control: 68965
003 - IDENTIFICADOR DEL NÚMERO DE CONTROL
- campo de control: OSt
005 - FECHA Y HORA DE LA ÚLTIMA TRANSACCIÓN
- campo de control: 20200615035832.0
008 - DATOS DE LONGITUD FIJA
- campo de control de longitud fija: 200615|| aca||aabn | a|a d
040 ## - FUENTE DE LA CATALOGACIÓN
- Centro catalogador/agencia de origen: OSt
- Centro/agencia transcriptor: OSt
130 ## - ENCABEZAMIENTO--TÍTULO UNIFORME
- Título uniforme: BÍBLIA
- Nombre de parte o sección de la obra: A. T.
- Subdivisión general: CRÍTICA E INTERPRETACIÓN
670 ## - FUENTE DE DATOS ENCONTRADOS
- Cita de la fuente: Work cat.: (OSt)41504: International Organization for Septuagint and Cognate Studies. Congress (1983:26-27 agosto 5º. : Salamanca, España) 68963, La septuaginta en la investigación contemporanea /, 1985.
